=LDR 00000nam 2200000 4500 =001 INLIS000000000023042 =005 20130612121733 =008 ***********************************Ind** =035 ##$$0010-061300000023042 =041 ##$$a Ind =082 ##$$a 636.5 =090 ##$$a 636.5, Wij-p =100 ##$$a Widjaja, Kartika =245 ##$$a Peluang bisnis ayam ras =260 ##$$a 2003 $b Jakarta =300 ##$$a viii, 104 hlm., ilus, 20,5 cm =650 ##$$a Ayam =850 ##$$a NBPNMAT =990 ##$$a 0001/BPAP-NTB/2015